00792 a2200193 45000010006000000050017000060080041000230030015000640400040000790800054001192450067001730200022002402640024002623000025002865050228003110410008005391000024005477000027005715995320260407155852.0260407a2006 arg spa dAR-UNSa-BCEJYS aAR-UNSa-BCEJYSbspacAR-UNSa-BCEJYS a349.6xDerecho de protección del medio ambiente10aGobernanza del agua en América de Surpdimensión ambiental a978-2-8317-0814-0 1aGland :bUICNc2006 axiii, 461 p.c24 cm. a1. El contexto global – 2. Argentina – 3. Bolivia – 4. Brasil – 5. Colombia – 6. Chile – 7. Ecuador – 8. Paraguay – 9. Perú – 10. Uruguay – 11. Venezuela – 12. Recomendaciones del foro de expertos -  aspa1 aIza, Alejandro Omar1 aRovere, Marta Brunilda